[Event "38th Barczay Memorial 2019"]
[Site "Zalakaros"]
[Date "2019.05.27"]
[Round "5.11"]
[White "Krstulovic, Alex"]
[Black "Geher, Koppany"]
[Result "1-0"]
[WhiteElo "2368"]
[BlackElo "2113"]
[Annotator "NA"]
[PlyCount "105"]
[EventDate "2019.05.23"]
[EventType "swiss"]
[EventCountry "HUN"]
[SourceTitle "playchess.com"]
[Source "ChessBase"]
[SourceQuality "1"]
[TimeControl "40/5400+30:1800+30"]

1. d4 {[%emt 0:02:54]} f5 {[%emt 0:00:05]} 2. g3 {[%emt 0:00:40]} Nf6 {[%emt 0:00:13]} 3. Bg2 {[%emt 0:00:23]} g6 {[%emt 0:00:08]} 4. Nf3 {[%emt 0:00:07]} Bg7 {[%emt 0:00:08]} 5. O-O {[%emt 0:00:07]} O-O {[%emt 0:00:09]} 6. c4 {[%emt 0:01:50]} d6 {[%emt 0:00:07]} 7. Nc3 {[%emt 0:00:06]} c6 {[%emt 0:00:12]} 8. d5 {[%emt 0:02:33]} e5 {[%emt 0:00:05]} 9. dxe6 {[%emt 0:00:19]} Bxe6 {[%emt 0:00:07]} 10. b3 {[%emt 0:01:25]} Na6 {[%emt 0:01:06]} 11. Nd4 {[%emt 0:06:53]} Bd7 {[%emt 0:08:41]} 12. Bb2 {[%emt 0:03:05]} Qe7 {[%emt 0:00:17]} 13. e3 {[%emt 0:06:58]} Rad8 {[%emt 0:00:50]} 14. Qe2 {[%emt 0:03:05]} Nc5 {[%emt 0:03:29]} 15. Rfd1 {[%emt 0:03:28]} Rfe8 {[%emt 0:03:18]} 16. Rac1 {[%emt 0:01:29]} h6 {[%emt 0:02:08]} 17. Qc2 {[%emt 0:14:19]} Nfe4 {[%emt 0:04:47]} 18. Re1 {[%emt 0:03:08]} Bc8 {[%emt 0:14:24]} 19. Rcd1 {[%emt 0:02:41]} Qf7 {[%emt 0:05:55]} 20. Bf1 {[%emt 0:06:42]} Rf8 {[%emt 0:09:23]} 21. Nce2 {[%emt 0:13:01]} Nd7 {[%emt 0:06:12]} 22. f3 {[%emt 0:08:18]} Nef6 {[%emt 0:02:04]} 23. Bg2 {[%emt 0:03:03]} Rfe8 {[%emt 0:02:56]} 24. Nc3 {[%emt 0:01:28]} Nc5 {[%emt 0:02:55]} 25. Ba3 {[%emt 0:03:09]} Kh7 {[%emt 0:06:07]} 26. Rd2 {[%emt 0:04:44]} Re7 {[%emt 0:01:34]} 27. Nxc6 {[%emt 0:01:34]} bxc6 {[%emt 0:01:02]} 28. Bxc5 {[%emt 0:00:02]} Qe8 {[%emt 0:03:58]} 29. Bd4 {[%emt 0:01:11]} Bb7 {[%emt 0:02:50]} 30. b4 {[%emt 0:02:33]} d5 {[%emt 0:05:06]} 31. Bc5 {[%emt 0:03:25]} Re6 {[%emt 0:01:00]} 32. cxd5 {[%emt 0:00:33]} Nxd5 {[%emt 0:00:01]} 33. Nxd5 {[%emt 0:00:18]} cxd5 {[%emt 0:00:08]} 34. Red1 {[%emt 0:00:46]} Rc8 {[%emt 0:01:55]} 35. Qb3 {[%emt 0:00:26]} Bf8 {[%emt 0:04:10]} 36. Bd4 {[%emt 0:00:42]} Rc4 {[%emt 0:00:47]} 37. a3 {[%emt 0:00:22]} Bc6 {[%emt 0:05:18]} 38. Qb2 {[%emt 0:00:29]} Ba4 {[%emt 0:02:31]} 39. Re1 {[%emt 0:00:11]} Rec6 {[%emt 0:02:16]} 40. Be5 {[%emt 0:00:00]} Rc2 {[%emt 0:00:00]} 41. Rxc2 {[%emt 0:01:33]} Rxc2 {[%emt 0:01:12]} 42. Qd4 {[%emt 0:00:16]} Qd7 {[%emt 0:01:06]} 43. f4 {[%emt 0:09:26]} Bc6 {[%emt 0:07:32]} 44. Rd1 {[%emt 0:05:05]} a5 {[%emt 0:00:46]} 45. Bxd5 {[%emt 0:01:49]} Bxd5 {[%emt 0:00:25]} 46. Qxd5 {[%emt 0:00:16]} Qxd5 {[%emt 0:00:06]} 47. Rxd5 {[%emt 0:00:04]} axb4 {[%emt 0:00:05]} 48. Rd8 {[%emt 0:08:36]} Kg8 {[%emt 0:07:21]} 49. Bd6 {[%emt 0:00:48]} Rc1+ {[%emt 0:00:09]} 50. Kg2 {[%emt 0:00:41]} Rc2+ {[%emt 0:01:57]} 51. Kf3 {[%emt 0:00:38]} bxa3 {[%emt 0:00:24]} 52. Rxf8+ {[%emt 0:00:20]} Kg7 {[%emt 0:00:05]} 53. Bxa3 {[%emt 0:00:26]} 1-0

[Event "38th Barczay Memorial 2019"]
[Site "Zalakaros"]
[Date "2019.05.28"]
[Round "6.1"]
[White "Bokros, Albert"]
[Black "Almasi, Istvan"]
[Result "1/2-1/2"]
[WhiteElo "2461"]
[BlackElo "2407"]
[Annotator "RC"]
[PlyCount "20"]
[EventDate "2019.05.23"]
[EventType "swiss"]
[EventCountry "HUN"]
[SourceTitle "playchess.com"]
[Source "ChessBase"]
[SourceQuality "1"]
[TimeControl "40/5400+30:1800+30"]

1. e4 e6 {[%emt 0:04:58]} 2. d4 {[%emt 0:00:19]} d5 {[%emt 0:00:39]} 3. Nd2 {[%emt 0:01:44]} c5 {[%emt 0:00:26]} 4. exd5 {[%emt 0:01:03]} Qxd5 {[%emt 0:03:18]} 5. Ngf3 {[%emt 0:01:47]} cxd4 {[%emt 0:00:06]} 6. Bc4 {[%emt 0:00:08]} Qd8 {[%emt 0:00:26]} 7. Nb3 {[%emt 0:00:28]} Nc6 {[%emt 0:00:34]} 8. Nbxd4 {[%emt 0:00:39]} Nxd4 {[%emt 0:00:18]} 9. Qxd4 {[%emt 0:00:23]} Qxd4 {[%emt 0:00:30]} 10. Nxd4 {[%emt 0:00:05]} Bd7 {[%emt 0:00:16]} 1/2-1/2

[Event "38th Barczay Memorial 2019"]
[Site "Zalakaros"]
[Date "2019.05.28"]
[Round "6.2"]
[White "Srinath, Rao S.V."]
[Black "Bagi, Mate"]
[Result "1/2-1/2"]
[WhiteElo "2395"]
[BlackElo "2450"]
[Annotator "TA"]
[PlyCount "19"]
[EventDate "2019.05.23"]
[EventType "swiss"]
[EventCountry "HUN"]
[SourceTitle "playchess.com"]
[Source "ChessBase"]
[SourceQuality "1"]

{[%evp 10,19,34,30,27,21,25,18,35,24,45,16]} 1. e4 e5 2. Nf3 Nc6 3. Bc4 Nf6 4. d3 h6 5. O-O d6 6. a4 g5 {C55: Two Knights: 4 d3, 4 d4 exd4 5 e5 and Max Lange Attack} 7. c3 (7. Nc3 Bg7 8. a5 a6 9. Nd5 O-O 10. Ne3 Ne7 11. h4 g4 12. Nh2 h5 13. g3 c6 14. f3 {1-0 (33) Svidler,P (2737)-Matlakov,M (2700) St Petersburg 2018}) 7... Bg7 8. a5 a6 9. Be3 $146 ({Predecessor:} 9. Qb3 O-O 10. Re1 g4 11. Nfd2 Ne7 12. Nf1 c6 13. Qb4 d5 14. Bb3 {1-0 (45) Martinez Alcantara,J (2462)-Triapishko,A (2500) Montevideo 2017}) 9... O-O 10. Nbd2 1/2-1/2

[Event "38th Barczay Memorial 2019"]
[Site "Zalakaros"]
[Date "2019.05.28"]
[Round "6.3"]
[White "Horvath, Jozsef"]
[Black "Gschnitzer, Adrian"]
[Result "1/2-1/2"]
[WhiteElo "2451"]
[BlackElo "2419"]
[Annotator "TA"]
[PlyCount "45"]
[EventDate "2019.05.23"]
[EventType "swiss"]
[EventCountry "HUN"]
[SourceTitle "playchess.com"]
[Source "ChessBase"]
[SourceQuality "1"]

{[%evp 15,45,15,14,0,42,39,42,48,39,0,0,-18,31,28,125,110,175,191,200,186,179,183,197,189,180,81,70,85,84,41,107,-77]} 1. Nf3 Nf6 2. g3 c5 3. Bg2 d5 4. O-O Nc6 5. d4 e6 6. c4 dxc4 7. Qa4 Bd7 8. Qxc4 b5 9. Qc3 {E04: Open Catalan: 5 Nf3} Rc8 (9... b4 10. Qd3 Rc8 11. Bf4 cxd4 12. Nbd2 Nd5 13. Be5 Nxe5 14. Nxe5 Be7 15. Bxd5 exd5 16. Ndf3 O-O 17. Nxd4 {½-½ (30) Wojtaszek,R (2727)-Harikrishna,P (2743) Batumi 2018}) 10. dxc5 Nd5 11. Qc2 {White is slightly better.} Ncb4 12. Qd2 $146 {Hoping for e4.} ({Predecessor:} 12. Qd1 Bxc5 13. e4 Nb6 14. Nc3 Na4 15. Ne5 Nxc3 16. bxc3 Na6 {1-0 (36) Horvath,C (2497)-Rezan,S (2443) Sibenik 2016}) 12... Bxc5 {With the idea ...Nc2!} 13. e4 Nf6 (13... Ne3 $5 14. fxe3 Nc2 $11 {[%mdl 64] Double Attack}) 14. Nc3 $36 {[%cal Bb1c3,Bc3e4,Be4d6][%mdl 2080] Black is under pressure.} Qb6 (14... Bc6 $11 {keeps the balance.}) 15. e5 $16 Ng4 (15... Nfd5 $16) 16. Ne4 $1 $18 Bc6 17. Nd6+ Bxd6 18. exd6 (18. Qxd6 $6 Bxf3 19. Bxf3 Nc2 $14) 18... Nd5 19. Qg5 Ndf6 {[#]} 20. Be3 (20. Ne5 $1 $18 {has better winning chances.} Nxe5 21. Qxg7) 20... Qb7 $16 ({But not} 20... Nxe3 $2 21. Qxg7 (21. Qxe3 Qb7 $11) (21. fxe3 O-O $17) 21... Rg8 22. Qxf6 $18) 21. Rac1 {And now Ne5 would win.} h6 {[#]} 22. Qc5 $1 {Strongly threatening Nd4.} Nxe3 (22... O-O $1 $14 23. Qxa7 Nxe3 24. Qxb7 (24. Qxe3 Bd5 $11) 24... Bxb7 25. fxe3 Ng4) 23. Qxe3 $2 {Accuracy: White = 62%, Black = 49%.} ({And not} 23. fxe3 O-O $17) (23. Ne5 $16 {keeps the pressure on.} Nxg2 24. Nxc6) 1/2-1/2

[Event "38th Barczay Memorial 2019"]
[Site "Zalakaros"]
[Date "2019.05.28"]
[Round "6.4"]
[White "Radovanovic, Jovica"]
[Black "Kantor, Gergely"]
[Result "1/2-1/2"]
[WhiteElo "2306"]
[BlackElo "2516"]
[Annotator "TA"]
[PlyCount "143"]
[EventDate "2019.05.23"]
[EventType "swiss"]
[EventCountry "HUN"]
[SourceTitle "playchess.com"]
[Source "ChessBase"]
[SourceQuality "1"]

{[%evp 18,143,25,8,18,18,18,19,21,7,7,0,19,-8,-6,-6,-6,-7,16,5,9,0,11,0,0,0,0,0,0,-18,0,0,9,8,15,0,12,0,16,0,109,0,0,0,0,0,0,0,0,0,0,0,0,0,1,1,48,48,48,48,57,56,102,102,102,102,92,86,90,95,86,32,32,32,32,32,32,0,32,0,39,5,5,5,6,6,6,5,5,5,5,5,5,0,5,5,5,5,8,5,5,5,5,5,5,5,5,5,5,5,5,5,5,5,5,5,5,5,5,5,5,0,5,0,0,0,0,0]} 1. d4 Nf6 2. c4 e6 3. g3 d5 4. Nf3 Bb4+ 5. Bd2 Be7 6. Bg2 O-O 7. O-O Nbd7 8. Qc2 Ne4 9. Bf4 c6 10. Nc3 g5 {[#] Threatens to win with ...Nxc3. E08: Closed Catalan: Main Line: 7 Qc2} 11. Bc1 f5 12. b3 b6 13. Bb2 Bb7 14. Rad1 Qe8 15. Ne5 (15. Ne1 {seems wilder.} Rc8 16. Nd3 Bf6 17. Na4 c5 18. f3) 15... Nxe5 16. dxe5 Nxc3 17. Qxc3 {[#]} g4 $146 ({Predecessor:} 17... Rc8 18. e3 {1-0 (75) Le,Q (2739)-Nakamura,H (2792) Saint Louis 2017}) 18. Qc1 Rf7 19. Ba3 h5 20. Bxe7 Qxe7 21. Qf4 h4 22. Rd3 Rh7 23. Rc1 hxg3 24. Rxg3 Kh8 25. cxd5 cxd5 26. Rgc3 Qd8 27. Rg3 Ba6 28. Bf1 d4 {[#]} (28... Qh4 $11 29. Rgc3 Rg8) 29. b4 (29. e4 $1 $16 Bxf1 30. Kxf1) 29... Qh4 {[%csl Gh7][%cal Rh4h2]} 30. h3 Rg8 {[%cal Rg4h3]} 31. Kh2 gxh3 32. Qxh4 Rxh4 33. Ra3 Bb7 34. Rxh3 Rxh3+ 35. Bxh3 $11 {[%mdl 4096] Endgame KRB-KRB} Bd5 36. a3 f4 37. Rd1 Rg5 38. Rxd4 Rxe5 39. Bg4 f3 40. Bxf3 Bxf3 41. exf3 $16 {KR-KR} a5 42. Re4 Rf5 43. Kg3 axb4 44. axb4 ({White should play} 44. Rxb4 $16 Ra5 45. Rxb6) 44... Rb5 $14 45. Rg4 Kh7 46. Kg2 Rf5 47. Kg3 Rb5 48. Re4 Kg7 49. Rxe6 {aiming for Re4.} Rxb4 {The position is equal.} 50. f4 Kf7 51. Rh6 Rb2 52. f3 Rb5 53. Kg4 Kg7 54. Rc6 Kf7 55. Rh6 Kg7 56. Rd6 Kf7 57. Rc6 Kg7 58. f5 Rb1 59. Kg5 {Black should prevent Rc7+.} Rg1+ 60. Kf4 Rb1 61. Rc4 Kf6 62. Re4 Rb2 63. Re6+ Kf7 64. Rd6 Rb1 65. Rd2 Kf6 66. Rd4 Rb2 67. Rd6+ Kf7 68. Re6 Rb1 69. Rc6 Rb2 70. Rc4 Kf6 71. Re4 Rb1 72. Re6+ {Accuracy: White = 56%, Black = 76%.} 1/2-1/2

[Event "38th Barczay Memorial 2019"]
[Site "Zalakaros"]
[Date "2019.05.28"]
[Round "6.5"]
[White "Doric, Nenad"]
[Black "Varga, Zoltan"]
[Result "1/2-1/2"]
[WhiteElo "2262"]
[BlackElo "2457"]
[Annotator "TA"]
[PlyCount "76"]
[EventDate "2019.05.23"]
[EventType "swiss"]
[EventCountry "HUN"]
[SourceTitle "playchess.com"]
[Source "ChessBase"]
[SourceQuality "1"]

{[%evp 9,76,12,38,26,66,31,46,42,56,47,61,54,58,57,78,0,19,-65,-62,-104,-102,-112,-112,-100,-94,-112,-110,-89,-92,-86,-84,-111,-114,-110,-93,-96,-79,-85,-83,-102,-97,-89,-16,-16,-34,-46,-35,-83,-87,-87,-18,-82,-86,-41,-8,-8,-8,-17,-16,-31,-4,-23,0,0,0,0,0,0,0]} 1. e4 Nf6 2. Nc3 e5 3. Nf3 d6 4. g3 a6 (4... c5 5. Bg2 h6 6. d3 Be6 7. Nd2 Nc6 8. Nd5 Be7 9. Nc4 O-O 10. Nce3 Nb4 11. Nxe7+ Qxe7 12. c3 {0-1 (64) Morozevich,A (2770)-Mamedyarov,S (2726) Astana 2012}) 5. Bg2 b5 $146 ({Predecessor:} 5... Be7 6. O-O O-O 7. d3 Bg4 8. h3 Bh5 9. Bg5 Bxf3 10. Qxf3 Nc6 11. Ne2 Nb4 12. Rfc1 {1-0 (67) Lauer,F (989)-Malyszek,T (932) LSS email 2013}) 6. O-O {C42: Petroff Defence: 3 Nxe5 and unusual White 3rd moves} Bb7 7. d3 (7. d4 $5 {[%cal Rd4e5]}) 7... Be7 8. Nh4 {White is slightly better.} g6 9. Bh6 Nbd7 10. Bg7 Rg8 11. Bh6 Nc5 12. h3 ({White should play} 12. Nf3 $16) 12... b4 13. Nb1 (13. Ne2 $11) 13... Nfd7 $15 14. Qg4 Bxh4 15. gxh4 {[#]} f5 $1 {[%mdl 512]} 16. Qg3 (16. exf5 Nf6) 16... f4 ({Reject} 16... fxe4 $6 17. Nd2 $11) 17. Qg4 Nf6 18. Qe2 Nfxe4 19. Bxf4 exf4 20. Nd2 {[%cal Rd2e4][%mdl 64] Pin} Qxh4 21. Nxe4 O-O-O 22. Nxc5 dxc5 23. Bxb7+ Kxb7 24. Qf3+ c6 25. Rfe1 g5 (25... Rge8 $17) 26. Re6 $11 Rc8 27. Re7+ Kb6 {...g4! is the strong threat.} 28. Qg4 {Black must now prevent Qd7.} Qxg4+ 29. hxg4 $17 {[%mdl 4096] Endgame KRR-KRR} Rc7 ({Better is} 29... Rce8 $17 30. Rae1 Rxe7 31. Rxe7 {[#]} c4 $1 {[%mdl 512]} 32. dxc4 Rd8) 30. Rae1 (30. Re5 $11 {keeps the balance.}) 30... Rxe7 31. Rxe7 {KR-KR} h5 32. gxh5 {Strongly threatening h6.} Rh8 33. Re5 Rxh5 34. Kg2 a5 35. a4 bxa3 36. bxa3 {The position is equal.} a4 37. Re4 Rh4 38. f3 Kb5 {Accuracy: White = 62%, Black = 57%.} 1/2-1/2

[Event "38th Barczay Memorial 2019"]
[Site "Zalakaros"]
[Date "2019.05.28"]
[Round "6.6"]
[White "Czebe, Attila"]
[Black "Borhy, Marcell"]
[Result "1-0"]
[WhiteElo "2427"]
[BlackElo "2374"]
[Annotator "TA"]
[PlyCount "63"]
[EventDate "2019.05.23"]
[EventType "swiss"]
[EventCountry "HUN"]
[SourceTitle "playchess.com"]
[Source "ChessBase"]
[SourceQuality "1"]

{[%evp 10,63,33,33,26,22,35,30,33,33,21,29,29,23,42,12,12,12,2,-8,31,43,35,39,66,0,0,0,44,33,40,31,57,41,46,43,43,37,43,39,30,34,51,24,38,39,150,30,192,192,1076,1067,1004,986,29992,262]} 1. e4 d6 2. d4 Nf6 3. Nc3 {[%cal Bb1c3,Bc3e2,Be2g3][%mdl 32]} e5 4. Nf3 Nbd7 5. Bc4 Be7 6. O-O {Threatens to win with Bxf7+!} Nb6 {C41: Philidor Defence} (6... O-O 7. Re1 c6 8. a4 a5 9. h3 Re8 10. Ba2 Bf8 11. Be3 Qc7 12. Ng5 Re7 13. f4 b6 14. fxe5 dxe5 15. d5 cxd5 16. exd5 {1-0 (16) Wang,H (2709)-Ivanchuk,V (2726) Huaian 2017}) 7. Bd3 Nfd7 8. Ne2 exd4 {White has an edge.} 9. Nfxd4 $146 ({Predecessor:} 9. Nexd4 O-O 10. Re1 Bf6 11. c3 Re8 12. Bc2 a5 13. a4 Nc5 14. h3 {½-½ (24) Kantans,T (2412)-Popovic,D (2547) Aschach 2013}) 9... Ne5 10. Ng3 O-O 11. Be2 d5 12. f4 Nc6 13. Nxc6 bxc6 14. e5 Bc5+ 15. Kh1 f6 16. Bd3 $1 Qe7 17. Bd2 (17. Qh5 $14 g6 18. exf6 Qxf6 19. Qh6) 17... fxe5 $11 18. fxe5 Qxe5 19. Rxf8+ $1 Bxf8 20. Qf3 $1 Nd7 21. Bc3 Qg5 $1 22. Rf1 {White threatens Qf7+ and mate.} Nf6 $1 23. Bxf6 $40 {[%mdl 128] White has some attack.} gxf6 24. Nh5 f5 $1 25. g4 {[%cal Rg4f5]} Bc5 26. Qh3 {[%cal Rd3f5]} h6 27. Bxf5 Ba6 {[#]} (27... Bxf5 $14 28. gxf5 Qe3 29. Qg2+ Qg5) 28. Rf4 ({White must play} 28. c4 $1 $16 {[%mdl 512]}) 28... Bd6 $2 {[#]} (28... Rf8 $11 29. Be6+ Kh7) 29. Qe3 $1 $18 {[%cal Re3e1] Black must now prevent Qe1.} ({Stronger than} 29. Be6+ Kh8 $11) 29... Bxf4 $2 (29... Rd8) 30. Qe6+ Kf8 {[#]} 31. Nf6 $1 {[%cal Rf6h7] Intending Nh7+ and mate.} ({Less strong is} 31. Nxf4 Bc8 $16) 31... Qg7 32. Nh7+ {Accuracy: White = 55%, Black = 30%.} 1-0

[Event "38th Barczay Memorial 2019"]
[Site "Zalakaros"]
[Date "2019.05.28"]
[Round "6.7"]
[White "Suta, Andraz"]
[Black "Persanyi, Barnabas"]
[Result "0-1"]
[WhiteElo "2175"]
[BlackElo "2404"]
[Annotator "TA"]
[PlyCount "56"]
[EventDate "2019.05.23"]
[EventType "swiss"]
[EventCountry "HUN"]
[SourceTitle "playchess.com"]
[Source "ChessBase"]
[SourceQuality "1"]

{[%evp 20,120,32,20,17,29,20,20,18,22,26,29,74,42,40,33,83,0,-9,-22,-25,-85,-83,-176,-180,-238,-157,-160,-149,-189,-127,-189,-106,-105,-100,-116,-103,-100,-108,-162,-164,-164,-162,-297,-297,-304,-288,-298,-210,-265,-202,-273,-265,-372,-339,-311,-267,-294,-236,-219,-222,-285,-141,-141,-131,-133,-127,-1776,-1699,-1486,-1458,-1329,-1271,-1095,-734,-29965,-29964,-29977,-29978,-29978,-29978,-29978,-29979,-29982,-29980,-29984,-29985,-29985,-29986,-29988,-29989,-29989,-29990,-29990,-29991,-29991,-29988,-29988,-29988,-29990,-29991,-29991,-29991]} 1. e4 e5 2. Nf3 Nc6 3. Bb5 a6 4. Ba4 Nf6 5. O-O Be7 6. Re1 b5 7. Bb3 d6 8. c3 O-O 9. h3 Nd7 10. d4 Bb7 11. Nbd2 exd4 {C92: Closed Ruy Lopez: 9...Be6, Karpov and Flohr-Zaitsev Variations} 12. cxd4 Bf6 13. Nf1 Na5 {The position is equal.} 14. Bc2 Re8 15. Bf4 (15. Ne3 Bxe4 16. Bd2 Bxc2 17. Qxc2 Nc4 18. Nxc4 Rxe1+ 19. Rxe1 bxc4 20. Qxc4 {½-½ (60) Shankland,S (2671)-Bu,X (2725) Liaocheng 2018}) 15... c5 16. e5 dxe5 $1 17. dxe5 Bxf3 {[#]} 18. Qxf3 $146 (18. Qd3 $16 g6 19. exf6) ({Predecessor:} 18. Qd3 Nxe5 19. Qxh7+ {1-0 (30) Robson,R (2613)-Chirila,I (2514) Lubbock 2013}) 18... Nxe5 $11 19. Bxe5 Bxe5 20. Rad1 (20. Bxh7+ $11 Kxh7 21. Qh5+ {[%mdl 64] Double Attack} Kg8 22. Rxe5) 20... Qf6 $17 21. Qd3 (21. Be4 $17 Rab8 22. b3) 21... g6 $19 22. Ne3 (22. b3 $142) 22... Bd4 23. Ng4 Qg5 24. b4 h5 ({Black should play} 24... Rxe1+ $19 25. Rxe1 Rd8) 25. Nh2 {[#]} (25. Rxe8+ $17 Rxe8 26. Nh2) 25... Nc4 ({Black should try} 25... Rxe1+ $1 $19 26. Rxe1 Rd8) 26. Nf3 Qf6 {And now ...Nb2 would win.} 27. bxc5 Bxc5 28. Qd5 Rxe1+ {Played: Bc5-b6} 0-1

[Event "38th Barczay Memorial 2019"]
[Site "Zalakaros"]
[Date "2019.05.28"]
[Round "6.8"]
[White "Videki, Sandor"]
[Black "Krstulovic, Alex"]
[Result "1-0"]
[WhiteElo "2383"]
[BlackElo "2368"]
[Annotator "TA"]
[PlyCount "81"]
[EventDate "2019.05.23"]
[EventType "swiss"]
[EventCountry "HUN"]
[SourceTitle "playchess.com"]
[Source "ChessBase"]
[SourceQuality "1"]

{[%evp 9,81,26,26,26,26,22,24,31,38,37,28,34,36,29,39,29,40,38,56,34,49,25,43,22,25,14,68,32,35,39,66,61,59,25,30,24,25,14,22,7,24,0,0,4,19,0,0,0,8,8,152,152,148,144,162,146,164,156,192,170,290,285,269,263,289,291,327,313,475,475,488,482,470,461]} 1. d4 d5 2. c4 e6 3. Nf3 a6 4. Bg5 (4. e3 Nf6 5. Nc3 dxc4 6. Bxc4 b5 7. Be2 Bb7 8. O-O Nbd7 9. b3 c5 10. Bb2 Be7 11. Rc1 O-O 12. Qc2 Rc8 13. Qb1 Qb6 14. Rfd1 Rfd8 15. h3 h6 16. dxc5 Nxc5 17. Rxd8+ Rxd8 {0-1 (59) Mamedyarov,S (2817)-Carlsen,M (2835) St Petersburg 2018}) 4... Be7 5. Bxe7 Qxe7 6. Nbd2 {D30: Queen's Gambit Declined: Systems without Nc3} Nf6 7. e3 O-O 8. Rc1 {White has an edge.} Nc6 9. Qb3 Na5 $146 ({Predecessor:} 9... Rd8 10. Be2 e5 11. cxd5 Nxd5 12. Nxe5 Nxe5 13. dxe5 {0-1 (43) Franco Alonso,A (2434)-Grandelius,N (2644) Linares 2017}) 10. Qc3 Nxc4 11. Nxc4 dxc4 12. Bxc4 Bd7 13. O-O Rfd8 14. Ne5 Be8 15. Be2 Rac8 16. Bf3 Nd5 17. Qb3 f6 (17... c5 $11) 18. Nd3 (18. Nc4 {looks sharper.} Bb5 19. e4 Nf4 20. Rfd1 Qe8 21. Qe3) 18... Bb5 19. Rfd1 Bxd3 20. Rxd3 {Black must now prevent Bxd5.} c6 21. a3 (21. e4 $5 {[%cal Re4d5]} Nf4 22. Rdd1 $14) 21... Rc7 22. g3 {[#] Strongly threatening e4.} Qf7 23. Bg2 Rcd7 24. Rcd1 Ne7 25. Bh3 f5 $1 26. Bf1 Nd5 27. Be2 Nf6 28. R3d2 Ne4 29. Rc2 c5 (29... g5 $11) 30. f3 $36 {[%mdl 2048] Black is under strong pressure.} Nf6 {[%cal Rc5d4]} 31. Rxc5 h5 32. h4 Kh7 33. Re5 Qg6 34. Kf2 ({Inferior is} 34. Qxe6 Qxg3+ 35. Kf1 Qh3+ 36. Kg1 Qg3+ 37. Kf1 Qh3+ 38. Kg1 Qg3+ $11) 34... Rd6 (34... Re7 $142 35. Bd3 Qf7) 35. Qxb7 $18 Nd5 {intending ...Rb6.} 36. Qb3 Rc8 37. Qd3 Rdc6 38. e4 Ne7 (38... fxe4 {was necessary.} 39. Qxe4 Kh6 40. Qxg6+ Kxg6 41. Bd3+ Kf6 42. Rxh5 Rb8) 39. exf5 {White is clearly winning.} Nxf5 40. g4 hxg4 41. fxg4 {Accuracy: White = 53%, Black = 37%.} 1-0

[Event "38th Barczay Memorial 2019"]
[Site "Zalakaros"]
[Date "2019.05.28"]
[Round "6.9"]
[White "Horvath, Adam"]
[Black "Szalanczi, Emil"]
[Result "1-0"]
[WhiteElo "2531"]
[BlackElo "2196"]
[Annotator "TA"]
[PlyCount "69"]
[EventDate "2019.05.23"]
[EventType "swiss"]
[EventCountry "HUN"]
[SourceTitle "playchess.com"]
[Source "ChessBase"]
[SourceQuality "1"]

{[%evp 20,69,69,65,94,57,77,77,79,37,129,138,164,168,185,183,179,179,220,212,213,180,173,137,272,276,289,276,303,308,300,306,360,343,493,481,857,854,824,822,745,731,1056,1051,1521,1523,1196,1171,2390,1003,2371,2299]} 1. e4 c5 2. Nf3 d6 3. d4 cxd4 4. Nxd4 Nf6 5. Nc3 g6 6. Be3 Bg7 7. f3 Nc6 8. Qd2 O-O 9. O-O-O Nxd4 10. Bxd4 Be6 11. Kb1 h5 {B76: Sicilian Dragon: Yugoslav Attack, 9 g4 and 9 0-0-0} (11... Qc7 12. h4 Rfc8 13. h5 Qa5 14. hxg6 hxg6 15. a3 Rab8 16. Bd3 b5 17. Qg5 Qc7 18. e5 dxe5 19. Bxe5 Qc5 20. f4 Rb7 21. Bxg6 fxg6 22. Qxg6 Bf5 23. Qxf5 b4 24. Qe6+ Kf8 25. Bxf6 exf6 26. Rh5 Qc7 27. axb4 Rxb4 28. Rd7 Rxb2+ 29. Ka1 {1-0 (29) Sjugirov,S (2667)-Petrosian,T (2607) Moscow 2016}) 12. Nd5 $146 ({Predecessor:} 12. Be2 Qa5 13. Nd5 Qxd2 14. Nxe7+ Kh7 15. Rxd2 Rfe8 16. Bxf6 Bxf6 17. Nd5 Bxd5 18. Rxd5 {1-0 (54) Frolov,A (2086)-Soloviev,M (1636) St Petersburg 2018}) 12... Bxd5 13. exd5 Qd7 {White is better.} 14. h3 b5 {[#]} (14... Qf5 $1 $14) 15. g4 $1 $16 a5 16. Bxf6 Bxf6 17. gxh5 Qf5 {[#]} 18. hxg6 $1 Bg7 19. gxf7+ Rxf7 20. Bxb5 a4 21. Bd3 Qf6 (21... Qe5 $16 {keeps fighting.} 22. c3 Rb8) 22. c3 $18 Rb8 23. Rhg1 a3 24. b3 Rc8 25. Rc1 Rc5 26. Be4 Kh8 (26... Qf4 $142 27. Qe1 Kf8) 27. Rg6 {White is clearly winning.} Qf4 (27... Qe5 $142 28. Rc2 Kg8) 28. Qxf4 Rxf4 29. Rcg1 Rf7 30. c4 Rc8 31. R6g5 Bh6 {[#]} 32. Rh5 $1 Rf6 33. Bg6 Rg8 34. Rxh6+ Kg7 35. Be4+ {Accuracy: White = 76%, Black = 39%.} 1-0